Top Goalscorers For SS Lazio Since 2000 - Statistics

General Stats
  • This quiz has been taken 83 times
  • The average score is 13 of 25
Answer Stats
# Goals Years Nat. Answer % Correct
1 207 2016-2024 🇮🇹 Ciro Immobile
100%
5 63 2011-2016 🇩🇪 Miroslav Klose
83%
6 58 2013-'18, 2021-'24 🇧🇷 Felipe Anderson
79%
7 52 2016-2024 🇪🇸 Luis Alberto
79%
3 69 2015-2023 🇷🇸 Sergej Milinković-Savić
79%
4 64 2004-2009 🇲🇰 Goran Pandev
78%
8 48 2000-2002 🇦🇷 Hernan Crespo
76%
22 30 2021- 🇪🇸 Pedro
71%
17 33 2017-2021 🇪🇨 Felipe Caicedo
60%
8 48 2000-'07, 2008-'10 🇮🇹 Simone Inzaghi
58%
19 32 2021- 🇮🇹 Mattia Zaccagni
55%
17 33 2018-2021 🇦🇷 Joaquín Correa
54%
2 105 2004-2013 🇮🇹 Tommaso Rocchi
53%
15 34 2011-2021 🇧🇦 Senad Lulić
50%
14 39 2014-2021 🇮🇹 Marco Parolo
47%
12 41 2010-2014 🇧🇷 Hernanes
45%
21 31 2013-2017 🇸🇳 Keita Baldé
44%
15 34 2008-'11, 2012-'13 🇦🇷 Mauro Zárate
41%
10 47 2005-2016 🇮🇹 Stefano Mauri
41%
11 45 2011-2016 🇮🇹 Antonio Candreva
36%
13 40 2000-2004 🇦🇷 Claudio López
28%
19 32 2009-'11, 2012-'14 🇮🇹 Sergio Floccari
27%
24 22 2010-2013 🇨🇿 Libor Kozák
26%
24 22 2002-2004 🇮🇹 Bernardo Corradi
13%
22 30 2001-2004 🇮🇹 Stefano Fiore
8%
No matching quizzes found
Score Distribution
Percent of People with Each Score
Percentile by Number Answered
Your Score History
You have not taken this quiz